书目信息 |
| 题名: |
稀土激光晶体材料及其应用
|
|
| 作者: | 徐军 著 | |
| 分册: | ||
| 出版信息: | 北京 科学出版社 2016.02 |
|
| 页数: | 228页 | |
| 开本: | 24cm | |
| 丛书名: | 光电子科学与技术前沿 | |
| 单 册: | ||
| 中图分类: | O614.33 , TN244 | |
| 科图分类: | ||
| 主题词: | 稀土族--晶体--激光材料 | |
| 电子资源: | ||
| ISBN: | 978-7-03-047368-4 | |
| 000 | 01281nam0 2200277 450 | |
| 001 | 251 | |
| 001 | 01CN12191403@CSLN | |
| 005 | 20160905091336.76 | |
| 010 | @a978-7-03-047368-4@dCNY80.00 | |
| 100 | @a20160326d2006 em y0chiy50 ea | |
| 101 | 0 | @achi |
| 102 | @aCN@b110000 | |
| 105 | @aa z 000yy | |
| 200 | 1 | @a稀土激光晶体材料及其应用@9xi tu ji guang jing ti cai liao ji qi ying yong@f徐军等著 |
| 210 | @a北京@c科学出版社@d2016.02 | |
| 215 | @a228页@c图@d24cm | |
| 225 | 2 | @a光电子科学与技术前沿@9guang dian zi ke xue yu ji shu qian yan |
| 330 | @a本书以激光晶体材料的研究热点--激光二极管(LD)泵浦全固态稀土激光晶体材料为主题,结合作者的研究成果,较全面和系统地总结了国内外最新研究成果,并对未来发展趋势进行展望。按稀土激活离子种类(Yb、Nd、Er、Tm、Ho、Er,等)和激光应用(多波长激光、超快锁模激光等)进行分类,分别总结了不同稀土激光晶体材料的生长、结构缺陷、光谱能级、激光特性及激光应用。重点展示我国科技团队在该领域中的整体研究水平和实力。 | |
| 333 | @a从事激光材料、固体物理、激光技术及其应用的基础研究的科技人员及相关专业师生 | |
| 461 | 0 | @12001 @a光电子科学与技术前沿 |
| 606 | 0 | @a稀土族@x晶体@x激光材料 |
| 690 | @aO614.33@v4 | |
| 690 | @aTN244@v4 | |
| 701 | 0 | @a徐军@9xu jun@4著 |
| 801 | 0 | @aCN@b唐山师范学院图书馆@c20160721 |
| 905 | @aZUCC@dO614.33@e18 | |
| 稀土激光晶体材料及其应用/徐军等著.-北京:科学出版社,2016.02 |
| 228页:图;24cm.-(光电子科学与技术前沿) |
| 使用对象:从事激光材料、固体物理、激光技术及其应用的基础研究的科技人员及相关专业师生 |
| ISBN 978-7-03-047368-4:CNY80.00 |
| 本书以激光晶体材料的研究热点--激光二极管(LD)泵浦全固态稀土激光晶体材料为主题,结合作者的研究成果,较全面和系统地总结了国内外最新研究成果,并对未来发展趋势进行展望。按稀土激活离子种类(Yb、Nd、Er、Tm、Ho、Er,等)和激光应用(多波长激光、超快锁模激光等)进行分类,分别总结了不同稀土激光晶体材料的生长、结构缺陷、光谱能级、激光特性及激光应用。重点展示我国科技团队在该领域中的整体研究水平和实力。 |
| ● |
| 相关链接 |
|
|
|
|
正题名:稀土激光晶体材料及其应用
索取号:O614.33/18
 
预约/预借
| 序号 | 登录号 | 条形码 | 馆藏地/架位号 | 状态 | 备注 |
| 1 | 901075 | 209010755 | 第二样本阅览室/ [索取号:O614.33/18] | 在馆 | |
| 2 | 901076 | 209010764 | 密集书库-物理学院/ [索取号:O614.33/18] | 在馆 | |
| 3 | 901077 | 209010773 | 第三借阅区/ [索取号:O614.33/18] | 在馆 | |
| 4 | 901078 | 209010782 | 第三借阅区/ [索取号:O614.33/18] | 在馆 | |
| 5 | 901079 | 209010791 | 第三借阅区/ [索取号:O614.33/18] | 在馆 |